zpět

Detail výsledku týmu

The Pub Praha 2 ČT, Praha

Datum a čas kvízu

22.5 Celkem bodů Celkový počet nahraných bodů na tomto kvízu bez doplňovacích otázek.
10. Pořadí na kvízu Konečné umístění týmu na tomto kvízu.

Zaznamenané odpovědi

# Otázka Odpověď Body Výsledky
1. Ministerstvo spravedlnosti ČR... Vlasta Parkanová 0
2. Jak se jmenuje nově zvolená pr... Liz Trussová 1
3. Ve čtvrtek měl premiéru dlouho... Jan Žižka, Petr Jákl 1
4. Ze zoologické zahrady v Charko... C 1
5. Novou posilou hokejistů Kladna... Jakub Klepiš 1
6. V posledních dnech není na svě... Lyon 0
7. Královnou se Alžběta II. stala... Harry Truman 0
8. Během vlády Alžběty II. byl do... C 1
9. Tituly Alžběty II. se pochopit... Její Veličenstvo královna 1
10. Uveďte jméno společné prapraba... (královna) Viktorie 1